Normal view
MARC view
- Korn, Granino
Entry Personal Name
001 - CONTROL NUMBER
- control field: 93906
003 - CONTROL NUMBER IDENTIFIER
- control field: NUST
005 - DATE AND TIME OF LATEST TRANSACTION
- control field: 20220719184721.0
008 - FIXED-LENGTH DATA ELEMENTS
- fixed length control field: 220719|| aca||aabn | a|a d
040 ## - CATALOGING SOURCE
- Original cataloging agency: NUST
- Transcribing agency: NUST
100 ## - HEADING--PERSONAL NAME
- Personal name: Korn, Granino
670 ## - SOURCE DATA FOUND
- Source citation: Work cat.: (NUST)176385: Korn, Granino , Interactive dynamic system simulation /, c1989.
